000 00434nam a22001817a 4500
003 MPLRDC
005 20220104144231.0
008 210129b ||||| |||| 00| 0 eng d
020 _a957-467-267-0
082 _a563 SCHA c.2
100 _a柏窦.薛佛著
245 _a七年赚到15,000,000
_c
250 _a第一版
260 _a
_b高宝国际有限公司
_c2001
300 _b
650 _a
942 _cBK
_o563 SCHA c.2
999 _c47684
_d47674